A Arte secreta do ator : dicionário de antropologia teatral (Registo nº 201127)

Detalhes MARC
000 -Etiqueta do registo
Valores 00817nam 22001933 4500
010 ## - Número ISBN
ISBN 85-2680323-9
100 ## - Dados gerais de processamento
Dados gerais 20260310d u||y0pory50 ba
200 ## - Titulo e menção de responsabilidade
Título próprio A Arte secreta do ator : dicionário de antropologia teatral
Primeira menção de responsabilidade Eugenio Barba, Nicola Savarese
Outras menções de responsabilidade tradução Luí Osório...[et al.]
210 ## - Publicação
Local de publicação São Paulo - Campinas
Nome do editor Hucitec, Editora Unicamp
Data de publicação 1995
215 ## - Descrição física 
Paginação / Volumes 271 p.
Outras indicações físicas il. ; brochado
Dimensões 29 cm
300 ## - Notas gerais 
Texto da nota Este livro é o resultado das pesquisas realizada entre 1980-1990 pelo ISTA (Escola Internacional de Teatro Antropológico) dirigida por Eugenio Barba
606 ## - Nome comum usado como assunto
ID Autoridade 1790
Palavra de ordem Teatro. Representação teatral
675 ## - CDU
Notação 792
Edição BR
Língua por
700 ## - Autor principal (pessoa individual)
ID Autoridade 14494
Apelido Barba
Nome Eugenio
Datas 1936-
701 ## - Co-autor principal (pessoa individual)
ID Autoridade 16764
Apelido Savarese
Nome Nicola
Datas 1945-2024
801 ## - Fonte de origem
País PT
Agência BMMN
Regras de catalogação RPC
990 ## - Elementos KOHA
Tipo de documento Livro
Exemplares
Situação do levantamento Biblioteca de origem Código de barras Cota Permissão de empréstimo Tipo de documento Forma de aquisição
  Biblioteca Municipal de Montemor-o-Novo 30411 792 BAR|DEP   Livro Compra

Powered by Koha